Miasta w Świętokrzyskim - Statystyki

Ogólne statystyki
  • Ten quiz został rozwiązany 219 razy
    9 od ostatniego zresetowania
  • Średni wynik to 23 z 49
Statystyki odpowiedzi
Miasto % Poprawnych
Jędrzejów
100%
Kielce
100%
Busko-Zdrój
89%
Kazimierza Wielka
89%
Opatów
89%
Ostrowiec Świętokrzyski
89%
Opatowiec
78%
Sandomierz
78%
Skarżysko-Kamienna
78%
Starachowice
78%
Staszów
78%
Włoszczowa
78%
Chęciny
67%
Końskie
67%
Pińczów
67%
Bodzentyn
56%
Łagów
56%
Szydłów
56%
Wąchock
56%
Chmielnik
44%
Daleszyce
44%
Działoszyce
44%
Małogoszcz
44%
Osiek
44%
Pacanów
44%
Ćmielów
33%
Klimontów
33%
Łopuszno
33%
Nowa Słupia
33%
Nowy Korczyn
33%
Oleśnica
33%
Ożarów
33%
Połaniec
33%
Skalbmierz
33%
Suchedniów
33%
Wiślica
33%
Wodzisław
33%
Morawica
22%
Piekoszów
22%
Pierzchnica
22%
Radoszyce
22%
Sędziszów
22%
Zawichost
22%
Iwaniska
11%
Koprzywnica
11%
Kunów
11%
Sobków
11%
Stąporków
11%
Stopnica
11%
Nie znaleziono quizów pasujących do podanych kryteriów
Rozkład punktacji
Procent ludzi z każdym wynikiem
Percentyl według liczby udzielonych odpowiedzi
Twoja historia wyników
Nie rozwiązałeś tego quizu od ostatniego zresetowania